Comentr̀ios s̉ Leis nos. 11.187 e 11.232, de 2005, e 11.382, de 2006

Bibliographic Details
Main Author: Renato Pavan, Dorival
Format: Book
Language:Portuguese
Published: Brasil Pillares 2007
Subjects:
Online Access:Acceso restringido

MARC

LEADER 00000nam a22000007a 4500
005 20160510151844.0
007 cr|||| ||u|
008 160510s2007 bl ||||| |||| 00||0 por d
020 |a 978-85-89919-49-4 
035 |a 14213 
040 |a vLex  
090 |c 6072  |d 6072 
100 1 |a Renato Pavan, Dorival 
245 1 0 |a Comentr̀ios s̉ Leis nos. 11.187 e 11.232, de 2005, e 11.382, de 2006  |h [Recurso electrn̤ico] / 
256 |a Servicio en ln̕ea 
260 |a Brasil  |b Pillares  |c 2007 
300 |a 1 recurso electrn̤ico  
500 |a Fruto a boa receptividade da primeira ediȯ̂ desta obra, deliberei fazer uma segunda, acrescentando, contudo, os comentr̀ios s̉ demais leis que tambm̌ promoveram substanciais modificaė̳s no Cd̤igo de Processo CIvil e que nô foram ali entô tratadas. Assim, aqui, acresȯ a ediȯ̂ original com os comentr̀ios s̉ Leis 11.276/2006, 11.277/06 e 11.341/06, as quais tratam das alteraė̳s relativas ̉declaraȯ̂ de incompetn̊cia relativa, ex officio, em se tratando de clùsula de eleiȯ̂ de foro em contrato de adesô; declaraȯ̂ de ofc̕io de prescriȯ̂; julgamento de improcedn̊cia prima facie; revelia; suspensô do processo em caso de produȯ̂ de prova mediante precatr̤ia e rogatr̤ia; cumprimento da sentenȧ ou acr̤dô rescindendo em caso de ajuizamento de aȯ̂ rescisr̤ia; supressô de nulidades sanv̀eis quando do julgamento do recurso pelo Tribunal; sm︢ula impeditiva de recursos; processo eletrn̥ico e procedimento no pedido de vista por um dos membros do r̤gô julgador em segundo grau de jurisdiȯ̂. Este livro tambm̌ atualizado em relaȯ̂ ao agravo de instrumento (Lei 11.187/2005) e cumprimento da sentenȧ (Lei 11.232/2005), que eram objeto exclusivo da ediȯ̂ anterior, e que contaram com acršcimos em relaȯ̂ aos comentr̀ios entô feitos, ampliando o enfoque das queste̳s tratadas. Houve tambm̌ o acršcimo de um adendo, onde procurei tratar de forma objetiva e sintťica as alteraė̳s que se processaram no transcurso do ano de 2006 e inc̕io de 2007, com a supervinin̊cia das Leis nð 11.382, 11.417, 11.418, 11.419 e 11.441, que foram ali abordadas de forma apenas a esclarecer o leitor sobre as modificaė̳s ocorridas, sem um maior aprofundamento, eis que pretendo delas tratar em tomo prp̤rio, principalmente a Lei 11.382/06, que promoveu uma ampla reformulaȯ̂ no processo de execuȯ̂ por tt̕ulo extrajudicial. 
506 1 |a Contenido solo disponible en los productos indicados  |d vLex Global  |d vLex Global (Academic Edition, excluding Law Schools)  |d vLex Global (U.S. Academic Edition, Law Schools)  |d vLex Global (U.S. Academic Edition, excluding Law Schools)  |d vLex Global (Academic Edition, Law Schools) 
650 0 4 |a Derecho  |z Brasil  
740 0 |a vLex libros (servicio en ln̕ea) 
856 4 0 |u http://vlex.com/source/comentarios-as-leis-nos-11-187-e-11-232-de-2005-e-11-382-de-2006-14213  |z Acceso restringido  
942 |c BOOK